1147 1053 1509 1650 1631 1516 1833 1326 1777 1451 1333 1708 1990 1763 1926 1651 1385 1468 1401 1990 1745 1332 1744 1076 1157 2000 1358 1377 1384 1909 1464 1381 1264 1744 1967 1698 1240 1289 1688 1505 1893 1335 1211 1598 1851 1904 1066 1164 1133 1996 1643 1812 1723 1868 1466 1255 1878 1610 1302 1683 1714 1468 1872 1111 1541 1105 1801 1067 1017 1934 1307 1843 1780 1273 1660 1235 1543 1154 1336 1420 1373 1061 1442 1697 1062 1943 1820 1555 1237 1682 1784 1271 1621 1742 1692 1836 1688 1238 1024 BCNSPRNW ULIB Ver.6.0+V

เปลี่ยนเป็นภาษาไทย

Change to English
 แสดงรายละเอียดบรรณานุกรม
  กลับหน้าหลัก

Brief Record : Get Marc (ISO 2709) : E-mail record : QR code < ปิดหน้าต่าง
LEADER : 00000nam 2200000uu 4500
001    13399112426
003     ULIB
008    110815s2545||||th 000 0 tha d
020    9741319258
040    blc
050  4 HM15^bศ631ร 2545
245 00 รวมบทความสังคมวิทยาและมานุษยวิทยา พ.ศ. 2545 /^cศิริรัตน์ แอดสกุล, บรรณาธิการ
260    กรุงเทพฯ :^bภาควิชาสังคมวิทยาและมานุษยวิทยา คณะรัฐศาสตร์ จุฬาลงกรณ์มหาวิทยาลัย,^c2545
300    115 หน้า ;^c30 ซม.
650  4 สังคมวิทยา^xรวมเรื่อง
650  4 มานุษยวิทยา^xรวมเรื่อง
651  7 ไทย^xภาวะสังคม
700 0  ศิริรัตน์ แอดสกุล,^eบรรณาธิการ
710 2  จุฬาลงกรณ์มหาวิทยาลัย. ^bคณะรัฐศาสตร์.^bภาควิชาสังคมวิทยาและมานุษยวิทยา
945    ^p0^l0^i015386
995    ทศพร
999 ^a ทศพร
รายการนี้ยังไม่มีแท็ก
คุณยังไม่ได้ล็อกอิน คุณสามารถมีกิจกรรมร่วมกับเว็บไซต์ได้ แต่ต้องล็อกอินก่อน ::
  ล็อกอิน

รายการสื่อสารสนเทศ

ลำดับที่ ประเภท เลขเรียก/บาร์โค้ด สถานที่ สถานะ
- ไม่พบข้อมูล -

BibComment


ยังไม่เคยถูกคอมเมนท์

คอมเมนท์ทรัพยากรรายการนี้
  คอมเมนท์: รวมบทความสังคมวิท..


 Copyright 2026. Bcnsprnw @Library